Statistics for Countries by a Single Clue #1

Click here to take the quiz!

General Stats

  • This quiz has been taken 31,714 times
  • The average score is 13 of 20

Answer Stats

Clue Country % Correct
Gave the Statue of Liberty to the U.S.France
98%
Where mariachi music originatedMexico
88%
On Egypt's southern borderSudan
86%
Has won about 1/3rd of all the Nobel Prizes ever awardedUnited States
82%
Country in Oceania with a four-letter nameFiji
82%
Landlocked country that wouldn't be landlocked if Vietnam didn't existLaos
81%
Shares its name with a U.S. stateGeorgia
81%
Costa Rica is located on its southern borderNicaragua
74%
Has the most land area between the Tropics of Cancer and CapricornBrazil
68%
Located in the Pyrenees MountainsAndorra
67%
Its name means "The Savior"El Salvador
62%
Where Archbishop Desmond Tutu servedSouth Africa
62%
Largest country that borders Lake VictoriaTanzania
62%
Small country due south of RwandaBurundi
62%
Formerly the personal property of King Leopold II of BelgiumD.R. Congo
55%
Most of its land area is located on the Anatolian peninsulaTurkey
54%
Has the most Christians of any Asian countryPhilippines
49%
Dalmatia is one of its four historical regionsCroatia
48%
Country where Columbus first landedBahamas
44%
Has more elephants than any other countryBotswana
27%

Score Distribution

Percentile by Number Answered

Percent of People with Each Score

Your Score History

You have not taken this quiz